|
|
|
|
| LEADER |
00000naa2a2200000 4500 |
| 001 |
443836 |
| 005 |
20231101081945.0 |
| 035 |
|
|
|a (RuTPU)RU\TPU\prd\105523
|
| 035 |
|
|
|a RU\TPU\tpu\14734
|
| 090 |
|
|
|a 443836
|
| 100 |
|
|
|a 20110406a1979 k y0rusy50 ca
|
| 101 |
0 |
|
|a rus
|
| 102 |
|
|
|a RU
|
| 200 |
1 |
|
|a Изучение электрохимического поведения ванадат-ионов на вращающемся дисковом электроде с кольцом
|f А. Я. Ацтиньша, Н. М. Дубова, А. А. Каплин
|
| 320 |
|
|
|a Библиогр.: 6 назв.
|
| 461 |
|
0 |
|0 (RuTPU)RU\TPU\prd\454
|x 0424-8570
|t Электрохимия
|f Академия наук СССР (АН СССР)
|d 1965-
|
| 463 |
|
0 |
|0 (RuTPU)RU\TPU\prd\105522
|t Т. 15, вып. 8
|v с. 1180-1183
|d 1979
|
| 610 |
1 |
|
|a труды учёных ТПУ
|
| 700 |
|
1 |
|a Ацтиньша
|b А. Я.
|
| 701 |
|
1 |
|a Дубова
|b Н. М.
|
| 701 |
|
1 |
|a Каплин
|b А. А.
|c российский химик
|c профессор кафедры аналитической химии ТПИ
|f 1937-1989
|g Анатолий Александрович
|2 stltpush
|3 (RuTPU)RU\TPU\pers\19797
|
| 801 |
|
1 |
|a RU
|b 63413507
|c 20080915
|g PSBO
|
| 801 |
|
2 |
|a RU
|b 63413507
|c 20110406
|g RCR
|
| 942 |
|
|
|c BK
|